Encuesta de Hogares Propósitos Múltiples Julio 2009. Principales Resultados

Este texto es un compendio de los principales indicadores socioeconómicos de la población costarricense para el año 2009. Se exponen indicadores relacionados con la fuerza de trabajo, el empleo, el subempleo, ingresos entre otros.

Uloženo v:
Podrobná bibliografie
Médium: Text
Témata:
Tagy: Přidat tag
Žádné tagy, Buďte první, kdo vytvoří štítek k tomuto záznamu!

MARC

LEADER 00000 a a2200000 04500
001 40450
003
040
245 |a Encuesta de Hogares Propósitos Múltiples Julio 2009. Principales Resultados  
500 |a En esta oportunidad, se incluye el módulo de Vivienda y Servicios y algunas preguntas sobre el bono de vivienda pensiones no contributivas, acceso a progrmas sociales (IMAS;CEN_CINAI, MEP, AVANCEMOS).  
520 |a Este texto es un compendio de los principales indicadores socioeconómicos de la población costarricense para el año 2009. Se exponen indicadores relacionados con la fuerza de trabajo, el empleo, el subempleo, ingresos entre otros.  
590 |a RRH/JUNIO2011  
650 |a 1.INDICADORES SOCIALES  
650 |a 2.INDICADORES ECONOMICOS  
650 |a 3.ESTADISTICA  
773 |g (Noviembre , 2009)  
999 |c 35626  |d 35626